000 00701cam a2200253 4500
001 J100293
008 000000n1999 000 0 eng u
035 _a(Sirsi) u100170
050 _a333.33016
110 _aLaSalle Investment Management
_93750
245 _aUK property index : long term data series. - Second quarter 1999
260 _aLondon
_bJones Lang LaSalle
_c1999
300 _a1 pt. ; 30cm.
650 _aCAPITAL VALUES
650 _aINDUSTRIAL PROPERTY
650 _aOFFICES
650 _aPROPERTY INDICES
650 _aPROPERTY INVESTMENT
650 _aRENTAL VALUES
650 _aSHOPS
650 _aDATA SERIES
690 _aPROPERTY-COMMERCIAL PROPERTY
942 _n0
999 _c99627
_d99627